00161nam a2200061Ia 4500008004100000245004200041260001600083140130s9999 xx 000 0 und d cKrovatin, ChristopheraThe Best ghost bScholastic,